Loading...
| Literature - British | 0 | 8 | 0 | 1 | 80 | 51 | 89.00 | 0 | 5 | 0.00 | 0.00 |
| Science - Biology | 0 | 7 | 0 | 0 | 70 | 11 | 54.57 | 6 | 6 | 0.00 | 0.00 |
| Science - Chemistry | 0 | 6 | 0 | 0 | 60 | 26 | 61.83 | 3 | 6 | 0.00 | 0.00 |
| Philosophy | 0 | 3 | 1 | 0 | 25 | 63 | 73.67 | 2 | 3 | 0.00 | 0.00 |
| Other Academic | 0 | 2 | 0 | 0 | 20 | 47 | 82.00 | 1 | 1 | 0.00 | 0.00 |
| Science - Other | 0 | 2 | 0 | 0 | 20 | 16 | 60.50 | 2 | 2 | 0.00 | 0.00 |
| Literature - European | 0 | 2 | 0 | 0 | 20 | 52 | 93.00 | 1 | 2 | 0.00 | 0.00 |
| Literature - American | 0 | 2 | 1 | 1 | 15 | 132 | 133.50 | 0 | 0 | 0.00 | 0.00 |
| Social Science | 0 | 1 | 0 | 0 | 10 | 106 | 106.00 | 0 | 0 | 0.00 | 0.00 |
| Fine Arts - Other | 0 | 1 | 0 | 0 | 10 | 81 | 81.00 | 1 | 1 | 0.00 | 0.00 |
| History - European | 0 | 1 | 0 | 0 | 10 | 90 | 90.00 | 0 | 1 | 0.00 | 0.00 |
| Current Events | 0 | 1 | 0 | 0 | 10 | 98 | 98.00 | 0 | 0 | 0.00 | 0.00 |
| Science - Physics | 0 | 1 | 1 | 0 | 5 | 60 | 60.00 | 0 | 1 | 0.00 | 0.00 |
| Pop Culture | 0 | 0 | 0 | 0 | 0 | 0.00 | 0 | 0 | 0.00 | 0.00 | |
| Fine Arts - Classical Music | 0 | 0 | 1 | 0 | -5 | 0.00 | 0 | 0 | 0.00 | 0.00 |